Normal view
MARC view
Entry Topical Term
001 - CONTROL NUMBER
- control field: 13252
003 - CONTROL NUMBER IDENTIFIER
- control field: OSt
005 - DATE AND TIME OF LATEST TRANSACTION
- control field: 20200122114810.0
008 - FIXED-LENGTH DATA ELEMENTS
- fixed length control field: 200122|| aca||aabn | a|a d
040 ## - CATALOGING SOURCE
- Original cataloging agency: OSt
- Transcribing agency: OSt
150 ## - HEADING--TOPICAL TERM
- Topical term or geographic name entry element: Home and school
- Geographic subdivision: United States.
670 ## - SOURCE DATA FOUND
- Source citation: Work cat.: (OSt)0: Lareau, Annette. 5711, Home advantage :, 1989.
